Kế toán tài chính : Từ căn bản dành cho các nhà quản trị đến chuyên nghiệp dành cho kế toán viên

Quyển sách giới thiệu tổng quan về kế toán, báo cáo kết quả doanh thu, quy trình kế toán, tài sản cố định và khấu hao, báo cáo ngân lưu,...ở mỗi chương đều có tóm tắt những vấn đề chính và có bài tập ôn tập....

Cijeli opis

Spremljeno u:
Bibliografski detalji
Glavni autor: Nguyễn, Tấn Bình
Format: Knjiga
Jezik:Undetermined
Izdano: Hà Nội Thống Kê 2006
Teme:
Oznake: Dodaj oznaku
Bez oznaka, Budi prvi tko označuje ovaj zapis!
Thư viện lưu trữ: Trung tâm Học liệu Trường Đại học Cần Thơ
LEADER 00991nam a2200217Ia 4500
001 CTU_112857
008 210402s9999 xx 000 0 und d
020 |c 79000 
082 |a 657 
082 |b B312 
100 |a Nguyễn, Tấn Bình 
245 0 |a Kế toán tài chính : 
245 0 |b Từ căn bản dành cho các nhà quản trị đến chuyên nghiệp dành cho kế toán viên 
245 0 |c Nguyễn Tấn Bình 
260 |a Hà Nội 
260 |b Thống Kê 
260 |c 2006 
520 |a Quyển sách giới thiệu tổng quan về kế toán, báo cáo kết quả doanh thu, quy trình kế toán, tài sản cố định và khấu hao, báo cáo ngân lưu,...ở mỗi chương đều có tóm tắt những vấn đề chính và có bài tập ôn tập. 
650 |a Accounting 
904 |i Minh 
980 |a Trung tâm Học liệu Trường Đại học Cần Thơ